[Event "Bundesliga 0506"]
[Site "Germany"]
[Date "2006.03.11"]
[Round "12.2"]
[White "Shirov, Alexei"]
[Black "Polzin, Rainer"]
[Result "1-0"]
[WhiteElo "2705"]
[BlackElo "2514"]
[Annotator "Rogozenco,D"]
[PlyCount "99"]
[EventDate "2005.10.21"]
[EventType "team-tourn"]
[EventRounds "15"]
[EventCountry "GER"]
[SourceTitle "CBM 112"]
[Source "ChessBase"]
[SourceDate "2006.06.07"]
[SourceVersion "1"]
[SourceVersionDate "2006.06.07"]
[SourceQuality "1"]
[WhiteTeam "Baden-Baden"]
[BlackTeam "Neukoelln"]
[WhiteTeamCountry "GER"]
[BlackTeamCountry "GER"]

1. e4 c5 2. Nf3 d6 3. d4 {A battle between two principled players is always
interesting from the theoretical point of view.} ({In a rapid game half an
year prior to the present encounter Shirov avoided theoretical discussions and
hasn't got anything out of the opening, although he managed to win later on:} 
3. Bb5+ Bd7 4. Bxd7+ Qxd7 5. c4 Nc6 6. Nc3 g6 7. d4 cxd4 8. Nxd4 Bg7 9. Nde2
Nf6 10. O-O O-O 11. Bg5 Rfc8 12. Rc1 Qd8 13. Kh1 Qa5 $11 {1-0 Shirov,A (2705)
-Polzin,R (2514)/Mainz (rapid) 2005 (40)}) 3... cxd4 4. Nxd4 Nf6 5. Nc3 g6 6.
Be3 Bg7 7. f3 O-O 8. Qd2 Nc6 9. O-O-O {Together with the line 9.Bc4 Bd7 10.
0-0-0 Rc8 11.Bb3 Ne5 (11...Nxd4 is most likely just better) 12.Kb1, 9.0-0-0
represents the best systems versus the Dragon.} d5 10. exd5 Nxd5 11. Nxc6 bxc6
12. Bd4 e5 13. Bc5 Be6 {Polzin changes the opening variation he used two years
ago versus Shirov.} ({The first game between same opponents continued} 13...
Re8 14. Ne4 ({Black holds a draw after} 14. Nxd5 cxd5 15. Qxd5 Qxd5 16. Rxd5
Be6) ({but} 14. Bc4 {is a worthy alternative. Then often White can just take a
pawn and it is not easy for Black to prove compensation.} Be6 (14... Qh4 15.
Bxd5 cxd5 16. Qxd5 Be6 17. Qe4) (14... Qa5 15. Ne4 Qxd2+ 16. Rxd2 Bh6 17. Bxd5
Bxd2+ 18. Kb1 cxd5 19. Nf6+ Kh8 20. Nxe8 Bf5 21. Nd6 Be6 22. Nb5 $13 {/+/=})
15. Nxd5 $5 $14) 14... Qc7 (14... f5 15. Nd6 Bf8 16. Bb5 $1 Bd7) 15. Bd6 (15.
h4 Rd8 16. h5 f5 17. hxg6 (17. Nc3 $5 Be6 18. Bc4) 17... fxe4 $1 18. fxe4 Be6
19. exd5 cxd5 20. Ba3 (20. gxh7+ Kh8 21. Be3) 20... hxg6 21. g4 e4 22. Qg5 Qf7
23. Be2 (23. Qh4 Be5 24. Be2 Qg7 25. g5 a5 (25... Rab8 $5) 26. Bg4 Bf5 27. Rdf1
Rf8 28. Bxf5 Rxf5 29. Rxf5 gxf5 30. Qh5 Rb8 31. b3 Rc8 32. g6 $16 {1-0 Handke,
F (2504)-Polzin,R (2462)/Bundesliga 2002}) 23... Bf6 24. Qe3 d4 25. Qxe4 Bd5
26. Qd3 Bxh1 27. Rxh1 Re8 $15 {Shirov-Golubev, Bundesliga 2001}) (15. g4 Be6
$11) 15... Qb6 16. h4 Nf6 (16... Be6 17. Bc5 Qc7 18. h5 $16) (16... f5 17. Bc5
Qc7 (17... Qb8 18. Bc4 $5) 18. Nd6 (18. Bc4 $2 fxe4 19. fxe4 Be6 {[%csl Rc5]
[%cal Gc7c5]}) 18... Rd8 19. Nxc8 Raxc8 20. Bc4 $36 {[%cal Gh4h5]}) 17. h5 (17.
Nxf6+ Bxf6 18. h5 e4 $132) 17... Nxe4 (17... Nxh5 18. Rxh5 (18. g4 Nf4 $13 (
18... Nf6 $2 19. Nxf6+ Bxf6 20. Qh6 $18)) 18... gxh5 19. Bc5 Qc7 20. Qg5 $44)
18. fxe4 Be6 19. hxg6 hxg6 20. Qc3 $14 {1/2-1/2 Shirov,A (2726)-Polzin,R (2517)
/Bundesliga 2004 (41)}) 14. Ne4 Re8 15. h4 {The most precise. White doesn't
necessarily need to play g2-g4. After the game move White has slightly better
prospects in all variations.} (15. g4 Qc7 (15... Nf4 $11) 16. h4 Red8 17. h5
Nf6 $11) 15... Nf4 {Other moves don't equalize completely either:} (15... Qc7
16. h5 $16) (15... h5 16. Bc4 $14) (15... Rb8 16. Bc4 $14) (15... f5 16. Ng5
Bh6 17. c4 (17. Ba6 $5) 17... Nf4 18. Qxd8 Raxd8 19. Rxd8 Rxd8 20. Bxa7 Ra8 21.
Be3 Nh5 22. Bd3 Rxa2 23. Kb1 Ra4 24. b3 Ra8 25. Re1 $14 {Raaste-Schneider A,
Espoo 1988}) (15... h6 16. g4 Qc7 (16... Nf4 17. Qc3 $1 Bd5 18. g5 $14) 17. g5
h5 18. Bc4 $14) 16. g3 ({Here} 16. Qc3 $2 {runs into} Bh6 $1 $17 {and White
has problems because he cannot remove the king to b1 due to the fact that his
rooks are not connected (and thus the rook on d1 is not protected). On the
other hand after 16.g3 White has a more pleasant endgame.}) (16. Qxd8 $11)
16... Qxd2+ 17. Rxd2 $14 Nh5 18. g4 Nf6 ({Another possibility is} 18... Nf4 {
Then both} 19. h5 ({and} 19. Ba6 Bd5 20. c4 Bxe4 21. fxe4 Ne6 22. Be3 $14)
19... Bd5 ({Deserves attention} 19... gxh5 20. gxh5 f5 {1-0 Lecroq,M (2578)
-Cruzado Duenas,C (2464)/ICCF corr 2000/ (59)}) 20. hxg6 fxg6 21. c4 ({or} 21.
Rdh2 $14 {/=, Van der Wiel-Tiviakov, Wijk aan Zee 1994}) 21... Bxe4 22. fxe4 {
1-0 Coleman,P-Schorra,H (2465)/ICCF Email 1998 (60), are slightly better for
White.}) 19. Bd3 Nd7 (19... Bd5 20. Re1 Rad8 21. a4 Nxe4 22. Bxe4 Bxe4 23. fxe4
Bf8 24. Be3 $14 {1/2-1/2 Olafsson,H (2470)-Petursson,M (2565)/Reykjavik 1995 
(38)}) 20. Be3 Nb6 21. h5 $1 $146 {A good novelty. Besides creating typical
pressure on Black's kingside, the advance of the h-pawn has also other
advantages, such as often securing square g5 for the knight, or making Black's
resource ...f5 look less attractive.} (21. Ba6 {must also be slightly better
for White.}) (21. b3 Nd5 22. Bc5 a5 23. a4 Nf4 24. Nd6 Reb8 25. Bc4 Bd5 26.
Bxd5 {1/2-1/2 Leko,P (2625)-Tiviakov,S (2625)/Wijk aan Zee 1996}) 21... Nd5 (
21... Nc4 $2 22. Bxc4 Bxc4 23. h6 (23. Nd6 $18) 23... Bh8 24. Nd6 Bd5 25. Nxe8
Rxe8 26. Rhd1 $18) 22. Bc5 Red8 (22... a5 23. h6 Bf8 (23... Bh8 $16) 24. Bxf8
Rxf8 (24... Kxf8 25. c4 $16 {[%cal Ge4f6]} (25. Ng5 Kg8 26. Be4 $16)) 25. Re1
f6 26. g5 $16 {[%csl Re5,Rh7]}) 23. hxg6 hxg6 24. Ba6 $1 Rd7 25. Ng5 Nf4 26.
Nxe6 Nxe6 27. Rxd7 Nxc5 28. Bb7 $1 Rb8 29. Bxc6 Nxd7 30. Bxd7 {After the
forced variation White won a pawn. Black keeps certain chances to escape, but
his position is rather difficult due to White's clear plan to advance the
queenside pawns.} e4 {Trying to create some counterplay.} (30... Rd8 31. Bc6 f5
32. c4 $16 {[%cal Gc6d5]}) 31. c3 e3 (31... exf3 32. Rf1 Rd8 33. Bc6 Bh6+ 34.
Kb1 $16 (34. Kc2 $2 Rd2+ 35. Kb3 f2)) 32. Rh2 Be5 33. Re2 Kf8 34. Kc2 Bf4 35.
b4 Ke7 36. Bc6 f5 37. gxf5 gxf5 38. a4 Kd6 (38... a6 39. Bd5 $16) 39. Bb5 Rh8
40. Rg2 Ke5 ({After} 40... Rh2 41. Rxh2 Bxh2 {Black will have to give up his
bishop for White's queenside pawns and later White will win thanks to the
remaining pawn on f3.}) 41. a5 Rh3 42. Rg7 $1 Kf6 43. Rxa7 Rh2+ 44. Kb3 e2 45.
Bxe2 Rxe2 46. a6 Re1 47. Ra8 Ra1 48. a7 Kg7 49. c4 Be3 50. c5 {White wins
easily by bringing the king to b6 (via c4 and b5) and then removing the rook
from a8. A convincing victory by Shirov, who showed clearly that in the
variation 13...Be6 of the 9.0-0-0 line in Dragon Black is basically struggling
in an inferior position.} 1-0

[Event "Bundesliga 0405"]
[Site "Germany"]
[Date "2004.12.11"]
[Round "5.2"]
[White "Shirov, Alexei"]
[Black "Polzin, Rainer"]
[Result "1/2-1/2"]
[WhiteElo "2726"]
[BlackElo "2517"]
[Annotator "Rogozenco,D"]
[PlyCount "81"]
[EventDate "2004.11.12"]
[EventType "team-tourn"]
[EventRounds "15"]
[EventCountry "GER"]
[SourceTitle "CBM 105"]
[Source "ChessBase"]
[SourceDate "2005.04.11"]
[SourceVersion "1"]
[SourceVersionDate "2005.04.11"]
[SourceQuality "1"]
[WhiteTeam "Baden Oos"]
[BlackTeam "Neukoelln"]
[WhiteTeamCountry "GER"]
[BlackTeamCountry "GER"]

1. e4 c5 2. Nf3 d6 3. d4 cxd4 4. Nxd4 Nf6 5. Nc3 g6 6. Be3 Bg7 7. f3 O-O 8. Qd2
Nc6 9. O-O-O d5 10. exd5 Nxd5 11. Nxc6 bxc6 12. Bd4 e5 13. Bc5 Re8 (13... Be6
14. Ne4 Re8 {is another main line}) 14. Ne4 (14. Nxd5 cxd5 15. Qxd5 Qxd5 16.
Rxd5 Be6 $14 {/=}) 14... Qc7 (14... f5 15. Nd6 Bf8 16. Bb5 $1 {Beliavsky's
strong move made the variation 14...f5 to look very suspicious.}) 15. Bd6 {
A novelty. Shirov changes the move order from his previous game in this
variation.} (15. h4 Rd8 (15... Be6 16. h5 $16) 16. h5 f5 17. hxg6 (17. h6 Bh8
18. Ng5 Bf6 19. Bc4 Rb8 20. Bb3 a5 21. a4 Rxb3 22. cxb3 Nf4 23. Bd6 Qb6 (23...
Qa7 24. Nh3 Nxh3 25. Rxh3 Be7 $19) 24. Nh3 Nxh3 25. Rxh3 Be6 (25... Be7 26.
Bxe7 Rxd2 27. Rxd2 Qg1+ 28. Kc2 f4 $19) 26. f4 exf4 27. Rd3 Bxb3 28. Qe2 Bc4
29. Ba3 Rxd3 $4 (29... Bd5 $17) 30. Qe8# {1-0 Volokitin,A-Golubev,M/playchess.
com (blitz) 2004}) 17... fxe4 18. fxe4 Be6 19. exd5 cxd5 20. Ba3 hxg6 21. g4 e4
22. Qg5 Qf7 23. Qh4 $146 {~~} (23. Be2 Bf6 24. Qe3 d4 25. Qxe4 Bd5 26. Qd3 Bxh1
27. Rxh1 Re8 {In this complicated position it is rather White who must play
carefully to keep the balance, Shirov-Golubev, Bundesliga 2001}) 23... Be5 24.
Be2 Qg7 25. g5 {1-0 Handke,F-Polzin,R/Bundesliga 2002} Rab8 $13 {(Golubev)}) (
15. g4 Be6 $11) 15... Qb6 16. h4 Nf6 $5 {Other moves are weaker:} (16... Be6
17. Bc5 Qc7 18. h5 $16) (16... f5 17. Bc5 Qc7 (17... Qb8 18. Bc4 $5) 18. Nd6 (
18. Bc4 $2 fxe4 19. fxe4 Be6 {[%csl Rc5][%cal Gc7c5]}) 18... Rd8 19. Nxc8 Raxc8
20. Bc4 $36 {[%cal Gh4h5]}) 17. h5 (17. Nxf6+ Bxf6 18. h5 e4 $132) 17... Nxe4 (
17... Nxh5 18. Rxh5 (18. g4 Nf4 $13 (18... Nf6 $2 19. Nxf6+ Bxf6 20. Qh6 $18))
18... gxh5 19. Bc5 Qc7 20. Qg5 $44) 18. fxe4 Be6 19. hxg6 hxg6 20. Qc3 Rad8 21.
Be2 Qf2 $1 22. Bf3 g5 $5 {Polzin does not wish to defend passively a slightly
inferior position and comes up with an unexpected idea to create activity and
disturb White's pieces.} 23. b3 Qg3 24. Kb2 g4 25. Be2 Qxc3+ 26. Kxc3 Bd5 $1 {
Thanks to this small tactical trick Black conveniently simplifies the position.
} 27. Bc7 Rc8 28. Ba5 ({Better was} 28. exd5 cxd5 29. Rxd5 Rxc7+ 30. Bc4 e4+
31. Kd2 Kf8 32. Ke3 {[%csl Re4,Rf7,Rg4][%cal Gd5f5]}) 28... Bxe4 29. Bxg4 f5
30. Bh5 Re7 {White must be careful now in order to keep the game level.} 31.
Bg6 Bxg2 32. Bxf5 e4+ 33. Kd2 Rf8 (33... Bxh1 34. Bxc8 Bf3 35. Rg1 Kf7 $15) 34.
Bh7+ Kf7 35. Rhg1 Bf3 36. Rdf1 Ke6 (36... Rd7+ 37. Kc1 Ke6 38. Rxg7 Rxg7 39.
Bxe4 {is similar to the game.}) 37. Rxg7 $1 {The only way to avoid serious
troubles. White correctly sacrifices the exchange in order to gain the
dangerous pawn e4.} Rxg7 38. Bxe4 Rg2+ (38... Rgf7 39. Bd3 $15) 39. Kc3 Bxe4
40. Rxf8 Rxc2+ 41. Kd4 1/2-1/2

[Event "Dubai op 6th"]
[Site "Dubai"]
[Date "2004.04.20"]
[Round "2"]
[White "Lagno, Kateryna"]
[Black "Jobava, Baadur"]
[Result "0-1"]
[WhiteElo "2493"]
[BlackElo "2616"]
[Annotator "Rogozenco,D"]
[PlyCount "50"]
[EventDate "2004.04.19"]
[EventType "swiss"]
[EventRounds "9"]
[EventCountry "UAE"]
[SourceTitle "CBM 101"]
[Source "ChessBase"]
[SourceDate "2004.07.27"]
[SourceVersion "1"]
[SourceVersionDate "2004.07.27"]
[SourceQuality "1"]

1. e4 c5 2. Nf3 d6 3. d4 Nf6 4. Nc3 cxd4 5. Nxd4 g6 6. Be3 Bg7 7. f3 Nc6 8. Qd2
O-O 9. O-O-O d5 10. Kb1 Nxd4 11. e5 Nf5 12. exf6 exf6 (12... Bxf6 13. Nxd5 Qxd5
14. Qxd5 Nxe3 {is the main line, but it is mainly White who can play for a win
here.}) 13. Bc5 d4 (13... Re8 14. Nxd5 $16) 14. Bxf8 Qxf8 {A risky line for
Black. He obviously plays for a win at all costs. With accurate play White
should be able to keep the advantage, but in a practical game that is not a
very easy task.} 15. Ne2 $146 {This novelty will hardly find many followers.} (
15. Nb5 $142 {The critical move, requiring more practical tests on the high
level. In three available games White scored 100% with it so far.}) 15... Ne3
16. Rc1 Nc4 $1 {Forcing White to "win" the pawn d4.} 17. Qxd4 b5 {[%cal Gf6f5]}
18. c3 Bf5+ 19. Ka1 {[%csl Gg7] At this moment it is hard to imagine that the
bishop on g7 will play the decisive role.} Rd8 20. Qf2 (20. Qxa7 $2 Ra8 21. Qb7
Qd8 $19 22. Nd4 $140 Rxa2+ 23. Kxa2 Qa5+ 24. Kb3 Qa4#) 20... Rd2 ({Black had
the forced alternative} 20... Nxb2 {with good play:} 21. Nd4 (21. Kxb2 Rd2+ 22.
Ka1 Qa3 $19) 21... Nd3 22. Bxd3 Bxd3 $44) 21. Qxa7 Nxb2 22. Nd4 Na4 $1 (22...
Nd3 23. Bxd3 Bxd3 24. Rhd1 Bh6 25. Nb3 $16) 23. Nxb5 $2 {[%mdl 64]} (23. Nxf5
gxf5 24. Bc4 $1 (24. Bxb5 Qa3 25. Qb8+ Bf8 26. Bc4 Nxc3 $17) 24... Kh8 $1 {
preparing ...Qa3} (24... f4 25. Rhd1 $1) 25. Rb1 $1 {White must protect square
b2} (25. Bxf7 $2 Qa3 26. Qb8+ Bf8 27. Qxb5 Nxc3 28. Qb3 Rxa2+ 29. Qxa2 Nxa2 30.
Bxa2 Bc5 $17) (25. Qxf7 $2 bxc4 $17) 25... Nxc3 {with the following possible
draw by repetition:} (25... Qa3 26. Qe3 Bh6 27. f4 $1 $16) 26. Rb2 Rxb2 27.
Kxb2 Na4+ 28. Kc2 Qc8 29. Kb1 Nc3+ 30. Kb2 Na4+ 31. Kb1 Nc3+ $11) 23... Nxc3 $3
{Now Black wins.} 24. Bc4 (24. Rxc3 Rd1+ 25. Kb2 Rb1#) (24. Nxc3 Qb4 25. Na4
Be6 $19) 24... Nxb5 25. Qe3 (25. Bxb5 Qb4 $19) 25... Bd3 $1 {White cannot
protect against ...f5 with mate. A very nice game.} 0-1

[Event "Bundesliga 0405"]
[Site "Germany"]
[Date "2005.03.12"]
[Round "12.5"]
[White "Holzke, Frank"]
[Black "Berndt, Stephan"]
[Result "0-1"]
[WhiteElo "2492"]
[BlackElo "2438"]
[Annotator "Rogozenco,D"]
[PlyCount "96"]
[EventDate "2004.11.12"]
[EventType "team-tourn"]
[EventRounds "15"]
[EventCountry "GER"]
[SourceTitle "CBM 106"]
[Source "ChessBase"]
[SourceDate "2005.06.06"]
[SourceVersion "1"]
[SourceVersionDate "2005.06.06"]
[SourceQuality "1"]
[WhiteTeam "Wattenscheid"]
[BlackTeam "Neukoelln"]
[WhiteTeamCountry "GER"]
[BlackTeamCountry "GER"]

1. e4 c5 2. Nf3 d6 3. d4 cxd4 4. Nxd4 Nf6 5. Nc3 g6 6. Be3 Bg7 7. f3 O-O 8. Qd2
Nc6 9. O-O-O d5 10. exd5 Nxd5 11. Nxc6 bxc6 12. Bd4 Bxd4 (12... e5) 13. Qxd4
Qb6 (13... Qc7) 14. Nxd5 {A possible move, but it generally leads to the sort
of positions Black is aiming for.} ({More unpleasant for a Dragon player would
be} 14. Na4 $1 Qa5 (14... Qxd4 15. Rxd4 $16) 15. b3 $14) 14... cxd5 15. Qxd5 (
15. Qxb6 axb6 16. a3 Rd8 $11) 15... Bf5 $5 $146 {[%mdl 8]} (15... Be6 16. Qb5 (
16. Qd4 Qa5 $44) 16... Qc7 $44) 16. Bc4 $6 {This natural continuation suddenly
leads to quick problems.} (16. Bd3 Rfd8 (16... Rab8 $5) 17. Qb3 Qxb3 (17...
Qe3+ 18. Kb1 Rab8 19. Qa3 $14 Bxd3 20. Rxd3 Rxd3 21. Qxd3 $16) 18. axb3 Bxd3
19. Rxd3 Rxd3 20. cxd3 $14 {/=}) (16. Qb3 Qa5 $44) 16... Rac8 17. Bb3 Rc5 $1
18. Qd4 (18. Qd2 Rfc8 19. c3 Qa5 $1 $40 20. Rhe1 $140 Rxc3+ 21. bxc3 Qa3+ 22.
Qb2 Rxc3+ $19) 18... Rfc8 $40 19. c3 (19. Rd2 $2 Bxc2 $1 20. Bxc2 Rxc2+ $19)
19... e5 $1 ({After} 19... Qa5 20. f4 $1 {[%csl Gd4] White succeeds to keep
the queen on the centralized position.}) 20. Qd2 $2 {The decisive mistake.} (
20. Qa4 $2 g5 $19 {[%csl Rh4][%cal Gc5a5]} (20... Ra5 $6 21. Qh4) (20... Qc7 $5
$17 {[%cal Gc5c3]})) (20. Qh4 $8 Qa5 21. Kd2 $8 Qa6 $5 22. Ke1 $1 $13 (22. Kc1
Qe2 $17)) 20... Qa5 $1 {A very impressive play from Stephan, who is a
specialist of Sicilian Dragon. In spite of giving up playing chess actively,
the creative German IM very often finds good new ideas for Black.  After the
game move White has no defense against ...Rxc3+.} 21. Rdf1 (21. Qe1 Rxc3+ 22.
bxc3 Qa3+ 23. Kd2 Qb2+ 24. Ke3 Rxc3+ $19) 21... Rxc3+ 22. bxc3 Rxc3+ 23. Kd1
Rd3 $19 24. Rf2 Qc3 $1 25. Ke1 Rxd2 26. Rxd2 Bd3 $1 27. h4 h5 28. Bd1 a5 29.
Be2 Bb1 30. Kd1 Kg7 31. Rf1 a4 32. Ba6 Bf5 (32... Qc6 33. Be2 (33. Bd3 Bxd3 34.
Rxd3 Qc4 $19) 33... Qb6 34. Re1 (34. Kc1 Bf5 35. Bd3 Qc5+ 36. Kd1 Bxd3 37. Rxd3
Qc4 $19) 34... Bxa2 $19) 33. Ke2 e4 34. Rfd1 e3 35. Rd6 Qb2+ 36. Kxe3 Qxa2 37.
R1d2 Qb3+ 38. Kf2 a3 39. Be2 Qc3 40. R6d5 Bb1 41. g3 a2 42. Rxa2 Bxa2 43. Rd3
Qc1 44. Re3 Qh1 45. Bf1 Qh2+ 46. Bg2 Be6 47. Rxe6 fxe6 48. f4 Kf6 0-1

[Event "EU-Cup 24th"]
[Site "Kallithea"]
[Date "2008.10.23"]
[Round "7"]
[White "Nisipeanu, Liviu Dieter"]
[Black "Timofeev, Artyom"]
[Result "1/2-1/2"]
[WhiteElo "2684"]
[BlackElo "2670"]
[Annotator "Rogozenco,D"]
[PlyCount "67"]
[EventDate "2008.10.17"]
[EventType "team-swiss"]
[EventRounds "7"]
[EventCountry "GRE"]
[SourceTitle "CBM 127"]
[Source "ChessBase"]
[SourceDate "2008.11.13"]
[SourceVersion "1"]
[SourceVersionDate "2008.11.13"]
[SourceQuality "1"]
[WhiteTeam "Baden-Baden"]
[BlackTeam "Sarajevo Bosna"]
[WhiteTeamCountry "GER"]
[BlackTeamCountry "BIH"]

{[%mdl 2]} 1. e4 c5 2. Nf3 d6 3. d4 cxd4 4. Nxd4 Nf6 5. Nc3 g6 6. Be3 Bg7 7. f3
Nc6 8. Qd2 O-O 9. O-O-O d5 10. Qe1 e6 11. h4 Qc7 (11... h5 12. g4 hxg4 13. h5
Nxd4 (13... Nxh5 14. fxg4 Nf6 15. Qh4 $40) 14. Bxd4 (14. Rxd4 $5) 14... Nxh5
15. fxg4 Bxd4 (15... Qg5+ 16. Kb1 Nf6 $140 17. Be3 Qxg4 18. Be2 Qg2 19. Qh4 $18
) 16. Rxd4 Qg5+ 17. Kb1 Qxg4 (17... Nf6 18. e5 Nd7 19. Rd2 Qxe5 20. Qh4 $40)
18. Be2 Qg3 19. Qd1 $44) 12. h5 Nxh5 13. g4 Nxd4 (13... Ng3 14. Ndb5 Qb8 15.
Rh3 Nxf1 16. Qxf1 a6 17. Nd4 f5 18. Qh1 fxg4 19. Rxh7 Rf7 20. Kb1 Qg3 21. Nce2
Qc7 22. fxg4 $16 {1-0 Alvarez,R-Alvarez Rouchaud,C/Argentina 1998 (30)}) 14.
Bxd4 Bxd4 15. Rxd4 {The critical position for the 10.Qe1 e6 variation. White
has an obvious compensation for the pawn, but the position requires a very
concrete approach.  Black has at his disposal three options.} Qe5 {One of the
possibilities. The present game shows that it doesn't solve Black's problems.}
({The other two moves are} 15... Qf4+) ({and} 15... Ng3 {both leading to
complicated play with no clear assessment.}) 16. Qd2 Ng3 17. Rg1 dxe4 18. f4 e3
(18... Nxf1 {is not enough either:} 19. Rxf1 Qg7 20. g5 e5 21. Rd6 e3 22. Qxe3
exf4 23. Qxf4 Bh3 24. Rf2 Rae8 25. Nd5 Re1+ 26. Kd2 $16 {1-0 Mainka,R (2485)
-Alterman,B (2585)/London 1994 (51)}) 19. fxe5 exd2+ 20. Rxd2 Nxf1 21. Rxf1 f5
$146 {An attempt to rehabilitate the variation.} ({In the game Nedev,T (2489)
-Drenchev,P (2392)/Illkirch-Graffenstaden 2004 White achieved domination on
the dark squares after} 21... b6 22. Ne4 h6 23. Nd6 a5 24. Rh2 Kg7 25. g5 h5
26. Rhf2 Ra7 27. Rf4 Re7 28. Kd2 {which he converted into a full point by
starting at some moment to advance the queenside pawns.}) 22. exf6 e5 23. g5 h6
{This is the idea behind 21...f5. However, White has a clear way to an
advantage.} 24. Nd5 {A tempting, though not the strongest move.} (24. gxh6 Bf5
25. Nd5 Kh7 {is not convincing}) ({but after} 24. Rh1 $1 {Black is in troubles.
The only move to avoid a quick loss is} h5 ({In the event of} 24... hxg5 25.
Rdh2 {White wins in all variations. E.g:} Kf7 (25... Rxf6 26. Nd5 Rc6 27. Rh8+
Kf7 28. R1h7+ Ke6 29. Nc7+ Rxc7 30. Rxc7 g4 31. Kd2 $18) (25... Bf5 26. Rh7
Rxf6 27. Rh8+) 26. Rh7+ Ke6 27. Re7+ Kf5 28. Kd2 $1 Kg4 (28... Rd8+ 29. Ke3
Kxf6 30. Rhh7 $18) 29. Ke3 Rxf6 30. Rg1+ $18) {and then} 25. Ne4 {is a large
advantage for White. For example a move like} Be6 {loses right away:} 26. Nd6
b6 27. Re1 $18) 24... hxg5 25. Ne7+ ({White could still fight for the
advantage with} 25. Rh2 Bf5 26. Rfh1 $36) 25... Kf7 26. Nxc8 ({The bishop must
be exchanged, since after} 26. Re2 Bh3 {it is White who must play carefully to
keep the balance.}) 26... Raxc8 27. Rd7+ Ke6 28. Re7+ Kd6 29. Rd1+ (29. Rxb7
Rc7 30. Rxc7 Kxc7 31. f7 {is not so clear anymore, since after} (31. Kd2 Kd6
32. Ke3 Ke6 $11) 31... Kd7 32. Rf6 Ke7 33. Rxg6 Rxf7 34. Rxg5 Ke6 {thanks to
his passed e-pawn Black will have counterplay.}) 29... Kc6 30. Re6+ (30. f7 g4
31. Rf1 (31. Rg1 Rc7 32. Rxc7+ Kxc7 33. Rxg4 Rxf7 34. Rxg6 $11) 31... Rcd8 32.
Rxe5 Rd7 33. Re6+ Kc7 34. Rxg6 Rdxf7 35. Rxf7+ Rxf7 36. Rxg4 {doesn't really
leave White with winning chances, therefore Nisipeanu makes a draw immediately.
}) 30... Kc7 31. Re7+ Kc6 32. Re6+ Kc7 33. Re7+ Kc6 34. Re6+ 1/2-1/2